<?xml version="1.0" encoding="UTF-8"?><?xml-stylesheet type="text/xsl" href="static/style.xsl"?><OAI-PMH xmlns="http://www.openarchives.org/OAI/2.0/" xmlns:xsi="http://www.w3.org/2001/XMLSchema-instance" xsi:schemaLocation="http://www.openarchives.org/OAI/2.0/ http://www.openarchives.org/OAI/2.0/OAI-PMH.xsd"><responseDate>2026-04-17T14:33:05Z</responseDate><request verb="GetRecord" identifier="oai:www.recercat.cat:11351/12939" metadataPrefix="marc">https://recercat.cat/oai/request</request><GetRecord><record><header><identifier>oai:recercat.cat:11351/12939</identifier><datestamp>2025-10-24T10:31:17Z</datestamp><setSpec>com_2072_378070</setSpec><setSpec>com_2072_378040</setSpec><setSpec>col_2072_378092</setSpec></header><metadata><record xmlns="http://www.loc.gov/MARC21/slim" xmlns:dcterms="http://purl.org/dc/terms/" xmlns:xsi="http://www.w3.org/2001/XMLSchema-instance" xmlns:doc="http://www.lyncode.com/xoai" xsi:schemaLocation="http://www.loc.gov/MARC21/slim http://www.loc.gov/standards/marcxml/schema/MARC21slim.xsd">
   <leader>00925njm 22002777a 4500</leader>
   <datafield ind2=" " ind1=" " tag="042">
      <subfield code="a">dc</subfield>
   </datafield>
   <datafield ind2=" " ind1=" " tag="720">
      <subfield code="a">Gilon, Dan</subfield>
      <subfield code="e">author</subfield>
   </datafield>
   <datafield ind2=" " ind1=" " tag="720">
      <subfield code="a">Korach, Amit</subfield>
      <subfield code="e">author</subfield>
   </datafield>
   <datafield ind2=" " ind1=" " tag="720">
      <subfield code="a">carbone, andreina</subfield>
      <subfield code="e">author</subfield>
   </datafield>
   <datafield ind2=" " ind1=" " tag="720">
      <subfield code="a">Brinster, Derek R.</subfield>
      <subfield code="e">author</subfield>
   </datafield>
   <datafield ind2=" " ind1=" " tag="720">
      <subfield code="a">Estrera, Anthony</subfield>
      <subfield code="e">author</subfield>
   </datafield>
   <datafield ind2=" " ind1=" " tag="720">
      <subfield code="a">Evangelista Masip, Arturo</subfield>
      <subfield code="e">author</subfield>
   </datafield>
   <datafield ind2=" " ind1=" " tag="260">
      <subfield code="c">2025-04-11T07:07:10Z</subfield>
   </datafield>
   <datafield ind2=" " ind1=" " tag="260">
      <subfield code="c">2025-04-11T07:07:10Z</subfield>
   </datafield>
   <datafield ind2=" " ind1=" " tag="260">
      <subfield code="c">2025-04</subfield>
   </datafield>
   <datafield ind2=" " ind1=" " tag="520">
      <subfield code="a">Malaltia aòrtica; Tamponament cardíac; Dissecció aòrtica aguda tipus a</subfield>
   </datafield>
   <datafield ind2=" " ind1=" " tag="520">
      <subfield code="a">Enfermedad aórtica; Taponamiento cardíaco; Disección aórtica aguda tipo a</subfield>
   </datafield>
   <datafield ind2=" " ind1=" " tag="520">
      <subfield code="a">Aortic disease; Cardiac tamponade; Type a acute aortic dissection</subfield>
   </datafield>
   <datafield ind2=" " ind1=" " tag="520">
      <subfield code="a">Background&#xd;
Cardiac tamponade (TMP) is a catastrophic complication of type A acute aortic dissection (TAAAD), increasing the risk of morbidity and mortality.&#xd;
Objectives&#xd;
The present study aimed to assess the characteristics, management, and outcomes of TAAAD patients with preoperative TMP enrolled in the International Registry of Acute Aortic Dissection database from 1996 to 2022.&#xd;
Methods&#xd;
Data from 63 aortic centers were analyzed and TAAAD patients with and without preoperative TMP were compared. Multivariable modeling to assess factors associated with the presence of preoperative cardiac TMP and survival curves were performed. Overall median follow-up was 35.8 months (Q1-Q3: 11.6-59.4 months).&#xd;
Results&#xd;
Of the 6,014 patients with TAAAD in the International Registry of Acute Aortic Dissection during the 25-year study period, 865 individuals (14.4%) developed TMP. Patients with TMP were older (age 64.9 vs 60.8 years; P &lt; 0.0001) and less often male (61.8% vs 66.8%; P = 0.005). No differences were seen in time to presentation or diagnosis. Prior cardiac surgery was less common in patients with TMP (7.6% vs 12.8%; P &lt; 0.0001). Syncope (37.4% vs 13.4%; P &lt; 0.0001) and coma or altered consciousness (28% vs 8%; P &lt; 0.0001) on presentation were more frequent in the TMP group. The majority of the cohort were managed surgically, rates of which were similar between groups (87.5% vs 87.7%; P = 0.911). In-hospital mortality was higher in patients with TMP (38.4% vs 15.4%; P &lt; 0.001) but 4-year survival was similar (log-rank P = 0.767).&#xd;
Conclusions&#xd;
TMP is an important prognosticator of in-hospital mortality. It is associated with increased mortality of TAAAD and prompt surgery is required. Those who survive the hospital course, go on to share the same postdischarge course as those who did not have TMP.</subfield>
   </datafield>
   <datafield ind1="8" ind2=" " tag="024">
      <subfield code="a">http://hdl.handle.net/11351/12939</subfield>
   </datafield>
   <datafield tag="653" ind2=" " ind1=" ">
      <subfield code="a">Cor - Malalties - Complicacions</subfield>
   </datafield>
   <datafield tag="653" ind2=" " ind1=" ">
      <subfield code="a">Aorta - Dissecció</subfield>
   </datafield>
   <datafield tag="653" ind2=" " ind1=" ">
      <subfield code="a">Cor - Cirurgia</subfield>
   </datafield>
   <datafield tag="653" ind2=" " ind1=" ">
      <subfield code="a">DISEASES::Cardiovascular Diseases::Heart Diseases::Cardiac Tamponade</subfield>
   </datafield>
   <datafield tag="653" ind2=" " ind1=" ">
      <subfield code="a">Other subheadings::Other subheadings::Other subheadings::/complications</subfield>
   </datafield>
   <datafield tag="653" ind2=" " ind1=" ">
      <subfield code="a">DISEASES::Cardiovascular Diseases::Vascular Diseases::Aneurysm::Aneurysm, Dissecting</subfield>
   </datafield>
   <datafield tag="653" ind2=" " ind1=" ">
      <subfield code="a">DISCIPLINES AND OCCUPATIONS::Health Occupations::Medicine::Specialties, Surgical::Thoracic Surgery</subfield>
   </datafield>
   <datafield tag="653" ind2=" " ind1=" ">
      <subfield code="a">ENFERMEDADES::enfermedades cardiovasculares::enfermedades cardíacas::taponamiento cardíaco</subfield>
   </datafield>
   <datafield tag="653" ind2=" " ind1=" ">
      <subfield code="a">Otros calificadores::Otros calificadores::Otros calificadores::/complicaciones</subfield>
   </datafield>
   <datafield tag="653" ind2=" " ind1=" ">
      <subfield code="a">ENFERMEDADES::enfermedades cardiovasculares::enfermedades vasculares::aneurisma::aneurisma disecante</subfield>
   </datafield>
   <datafield tag="653" ind2=" " ind1=" ">
      <subfield code="a">DISCIPLINAS Y OCUPACIONES::profesiones sanitarias::medicina::especialidades quirúrgicas::cirugía torácica</subfield>
   </datafield>
   <datafield ind2="0" ind1="0" tag="245">
      <subfield code="a">Cardiac Tamponade Complicating Type A Acute Aortic Dissection: Insights From 25 Years of Registry Research</subfield>
   </datafield>
</record></metadata></record></GetRecord></OAI-PMH>